| 000 | 00565nam a2200205Ia 4500 | ||
|---|---|---|---|
| 005 | 20230920093825.0 | ||
| 008 | 131103s9999 xx 000 0 und d | ||
| 020 | _a809102323 | ||
| 040 | _aLoreto College | ||
| 041 | _aEnglish | ||
| 082 |
_a291.13 _bPAN |
||
| 100 | _aPanikkar, R. | ||
| 245 |
_aMyth Faith and Hermeneutics _b cross-cultural studies _cR. Panikkar |
||
| 260 |
_aNew York _bPaulist Press _cc 1979 |
||
| 300 | _axxiii,500p. | ||
| 504 | _aIncludes bibliographical references and index | ||
| 650 | _aReligion | ||
| 850 | _aLCLIB | ||
| 942 | _cBK | ||
| 999 |
_c23258 _d73737 |
||